| 000 | 00640nam a2200229Ia 4500 | ||
|---|---|---|---|
| 003 | OSt | ||
| 005 | 20250927160008.0 | ||
| 008 | 210423s2014 xx 000 0 und d | ||
| 020 | _a978-0-14-306471-8 | ||
| 040 | _cAL | ||
| 041 | _aEnglish | ||
| 082 |
_a305.3 _bBANS |
||
| 100 |
_aRita Banerji _9105135 |
||
| 245 |
_aSex and power _b: defining history shaping societies |
||
| 260 |
_aNew York _bPenguin Books Ltd _c2014 |
||
| 300 |
_axii,417 _bHB |
||
| 365 |
_b499 _cINR |
||
| 650 |
_aSocial Groups _9105136 |
||
| 650 |
_aSocial Sciences _9105137 |
||
| 906 | _ahistory ; power:defining ; Sex ; shaping ; societies | ||
| 942 |
_2ddc _cBK |
||
| 999 |
_c166324 _d166324 |
||